| 000 | 01082nas a2200289 4500 | ||
|---|---|---|---|
| 001 | BR2015004018 | ||
| 003 | BR-BrBNA | ||
| 005 | 20231205125513.0 | ||
| 007 | ta | ||
| 008 | 230509b bl.|||p| |||| 00| 00por d | ||
| 040 |
_aBR-BrBNA _bpor _cBiblioteca Nacional de Agricultura |
||
| 041 | _a(Pt) | ||
| 072 | _aF30 | ||
| 100 | 1 | _aFerreira, C.A. | |
| 100 | 1 | _aSalgado, K.C. | |
| 100 | 1 | _aPaiva, P.D. de O. | |
| 100 | 1 | _aPereira, G.S. | |
| 111 | 1 |
_a16° Congresso Brasileiro de Floricultura e Plantas Ornamentais; 3° Congresso Brasileiro de Cultura de Tecidos de Plantas; 1° Simpósio de Plantas Ornamentais Nativas _cGoiânia, GO (Brazil) _d10-15 Sep 2007 |
|
| 245 | 1 | _aCaracterização de variedades de Gladiolus sp. por meio de izoenzimas | |
| 650 | _aMELHORAMENTO GENÉTICO VEGETAL | ||
| 650 | _aFLORICULTURA | ||
| 650 | _aGLADIOLO | ||
| 650 | _aBULBO | ||
| 773 | 0 |
_tRevista Brasileira de Horticultura Ornamental (Brazil) _xISSN 1809-6093 _g(Sep 2007), v. 13(Suplemento) p. 277-280 _wBR2015004018 |
|
| 909 |
_a202311 _bLúcia _c55 _dLúcia Elande |
||
| 942 |
_2AGRIS _n0 _cANA |
||
| 999 |
_c244684 _d244684 |
||